[Event "30. Augsburger Friedensfest-Open"]
[Site "Augsburg"]
[Date "2025.08.10"]
[Round "7.7"]
[White "Romfeld, Michael"]
[Black "Brand, Leonhard"]
[Result "1-0"]
[WhiteElo "2162"]
[BlackElo "2052"]
[EventDate "2025.08.07"]
[Time "09:30:00"]
[WhiteNrv "2162"]
[BlackNrv "2052"]
[WhiteTwz "2162"]
[BlackTwz "2052"]
[WhiteFideId "16211537"]
[BlackFideId "34649646"]
[WhiteNatFedId "10180068"]
[BlackNatFedId "10655780"]
[WhiteAttr "M"]
[BlackAttr "M"]
[WhiteTeam "SAbt TSV Haunstetten"]
[BlackTeam "SK Freising"]

1.d4 d5 2.Nf3 Nf6 3.c4 c6 4.cxd5 cxd5 5.Nc3 Nc6 6.e3 e6 7.Bd3 Bd6 8.O-O 
O-O 9.Re1 e5 10.dxe5 Nxe5 11.Nxe5 Bxe5 12.f4 Bc7 13.Qf3 Re8 14.Bd2 Bb6 15.
h3 Bd7 16.Rad1 Bc6 17.Nb5 d4 18.e4 Nxe4 19.Rxe4 Rxe4 20.Bxe4 Bxb5 21.Bxb7 
Rb8 22.Be4 Ba6 23.Kh1 Qf6 24.g4 h6 25.b3 Re8 26.Re1 Kh8 27.g5 hxg5 28.fxg5
Qxf3+ 29.Bxf3 Rxe1+ 30.Bxe1 Bd3 31.Kg2 Bb1 32.a3 Kh7 33.Bh5 f5 34.gxf6 
gxf6 35.Bf7 Be4+ 36.Kf1 f5 37.Bd2 Kg7 38.Bc4 Bc7 39.b4 Kf6 40.a4 f4 41.a5 
Bf5 42.h4 Ke5 43.b5 d3 44.h5 Ke4 45.Bf7 f3 46.Bg6 Bf4 47.b6 axb6 48.a6 Bb8
49.Kf2 b5 50.Bxf5+ Kxf5 51.Kxf3 Ba7 52.h6 Kg6 53.Ke4 b4 54.Kxd3 b3 55.Kc3 
Bd4+ 56.Kxb3 Kf7 57.Bc3 Ba7 58.h7 1-0

[Event "30. Augsburger Friedensfest-Open"]
[Site "Augsburg"]
[Date "2025.08.10"]
[Round "7.8"]
[White "Foerch, Benedikt"]
[Black "Rinderle, Matthias Dr."]
[Result "1-0"]
[WhiteElo "2114"]
[BlackElo "1968"]
[EventDate "2025.08.07"]
[Time "09:30:00"]
[WhiteNrv "2114"]
[BlackNrv "1968"]
[WhiteTwz "2114"]
[BlackTwz "1968"]
[WhiteFideId "16228758"]
[BlackFideId "533033340"]
[WhiteNatFedId "10052041"]
[BlackNatFedId "10177473"]
[WhiteAttr "M"]
[BlackAttr "M"]
[WhiteTeam "SK Neuburg"]
[BlackTeam "SK Rochade Augsburg"]

1.Nf3 Nf6 2.g3 g6 3.Bg2 Bg7 4.c4 O-O 5.O-O d6 6.Nc3 c6 7.d4 Bf5 8.b3 Ne4 
9.Bb2 Nxc3 10.Bxc3 Be4 11.Qd2 Nd7 12.Rac1 e6 13.Qe3 d5 14.Bh3 Bxf3 15.Qxf3
dxc4 16.bxc4 Nb6 17.Bb4 Re8 18.Rfd1 Qg5 19.Bd2 Qe7 20.c5 Nd5 21.e4 Nc7 22.
Qb3 Rab8 23.Bf4 e5 24.dxe5 Ne6 25.Bxe6 Qxe6 26.Qxe6 Rxe6 27.Rd6 Bf8 28.
Rxe6 fxe6 29.Bg5 Rc8 30.Kf1 Rc7 31.Ke2 Rd7 32.Be3 h5 33.h4 Be7 34.Rc4 Kf7 
35.Ra4 a6 36.Rc4 Ke8 37.Rc1 Kf7 38.f3 Ke8 39.Rg1 Bf8 40.Rd1 Rxd1 41.Kxd1 
Be7 42.Ke2 Bd8 43.Kd3 Ba5 44.Bd2 Bc7 45.Bc3 b6 46.cxb6 Bxb6 47.Bd4 c5 48.
Bf2 Kd7 49.Kc4 Kc6 50.Bg1 Ba5 51.Bf2 Bb4 52.g4 Bd2 53.Bg3 hxg4 54.fxg4 Be3
55.Be1 Bh6 56.Bf2 Bf8 57.Be3 Bg7 58.Bxc5 Bxe5 59.Bd4 Bf4 60.h5 gxh5 61.
gxh5 e5 62.Bc5 Bh6 63.Ba3 Bg7 64.Bc1 Bf6 65.Be3 Bh8 66.Bg5 Bg7 67.Kb4 Bh8 
68.h6 Kb6 69.Be7 Kc6 70.Ka5 Kb7 71.Bf8 1-0

[Event "30. Augsburger Friedensfest-Open"]
[Site "Augsburg"]
[Date "2025.08.10"]
[Round "7.9"]
[White "Timm, Jasper"]
[Black "Bossinger, Patrick"]
[Result "1-0"]
[WhiteElo "1886"]
[BlackElo "2085"]
[EventDate "2025.08.07"]
[Time "09:30:00"]
[WhiteNrv "1886"]
[BlackNrv "2085"]
[WhiteTwz "1886"]
[BlackTwz "2085"]
[WhiteFideId "34614613"]
[BlackFideId "16219759"]
[WhiteNatFedId "10762306"]
[BlackNatFedId "10266033"]
[WhiteAttr "M"]
[BlackAttr "M"]
[WhiteTeam "SK Graefelfing"]
[BlackTeam "SV Jedesheim 1921"]

1.d4 Nf6 2.Nf3 g6 3.g3 c5 4.dxc5 Qa5+ 5.c3 Qxc5 6.Bg2 Bg7 7.O-O O-O 8.Be3 
Qc7 9.h3 Nc6 10.a4 d5 11.Na3 e5 12.Nb5 Qe7 13.b4 b6 14.a5 Rb8 15.axb6 axb6
16.Qb3 h6 17.Ra3 Be6 18.Qb2 d4 19.cxd4 e4 20.Ne5 Qxb4 21.Qxb4 Nxb4 22.Nc7 
Nc2 23.Ra7 Bc8 24.Nc6 Rb7 25.Ne7+ Kh7 26.Nxc8 Rxa7 27.Nxa7 Nxe3 28.fxe3 h5
29.Nab5 Rd8 30.Rc1 Bh6 31.Rc3 Rd7 32.Rb3 Kg8 33.Kf2 Kf8 34.d5 Nxd5 35.Nxd5
Rxd5 36.Bxe4 Re5 37.Bf3 Bxe3+ 38.Rxe3 Rxb5 39.Ra3 Rf5 40.Ra7 Rf6 41.Rb7 
Kg7 42.Ke3 h4 43.g4 Rd6 44.g5 1-0

[Event "30. Augsburger Friedensfest-Open"]
[Site "Augsburg"]
[Date "2025.08.10"]
[Round "7.11"]
[White "Stork, Simon"]
[Black "Filin, Denys"]
[Result "0-1"]
[WhiteElo "2063"]
[BlackElo "1960"]
[EventDate "2025.08.07"]
[Time "09:30:00"]
[WhiteNrv "2063"]
[BlackNrv "1960"]
[WhiteTwz "2063"]
[BlackTwz "1960"]
[WhiteFideId "16217012"]
[BlackFideId "14173476"]
[WhiteNatFedId "10217074"]
[BlackNatFedId "10658679"]
[WhiteAttr "M"]
[BlackAttr "M"]
[WhiteTeam "SK Rochade Augsburg"]
[BlackTeam "SK Kriegshaber"]

1.d4 Nf6 2.Nf3 c5 3.d5 d6 4.Nc3 g6 5.e4 Bg7 6.Bb5+ Bd7 7.a4 O-O 8.h3 Bxb5 
9.axb5 Nbd7 10.O-O Nb6 11.Qe2 Ne8 12.Rd1 Nc7 13.Bf4 h6 14.e5 f6 15.exd6 
exd6 16.Ne4 Re8 17.g4 f5 18.gxf5 gxf5 19.Kh1 Rxe4 20.Qd2 Nc4 0-1

[Event "30. Augsburger Friedensfest-Open"]
[Site "Augsburg"]
[Date "2025.08.10"]
[Round "7.12"]
[White "Eichschmied, Patrick"]
[Black "Baeuml, Ulrich"]
[Result "1-0"]
[WhiteElo "1951"]
[BlackElo "2055"]
[EventDate "2025.08.07"]
[Time "09:30:00"]
[WhiteNrv "1951"]
[BlackNrv "2055"]
[WhiteTwz "1951"]
[BlackTwz "2055"]
[WhiteFideId "24683663"]
[BlackFideId "4635051"]
[WhiteNatFedId "10043123"]
[BlackNatFedId "10006494"]
[WhiteAttr "M"]
[BlackAttr "M"]
[WhiteTeam "MTV Ingolstadt"]
[BlackTeam "SC Dillingen"]

1.e4 c5 2.Nf3 e6 3.g3 Nc6 4.Bg2 g6 5.d4 cxd4 6.Nxd4 a6 7.Nc3 Bg7 8.Be3 
Nge7 9.O-O O-O 10.Nxc6 bxc6 11.Qd6 h6 12.Na4 a5 13.Bb6 Qe8 14.Bc5 Ba6 15.
Rfd1 Bb5 16.Nc3 Nc8 17.Qxd7 Qxd7 18.Rxd7 Re8 19.Rad1 Ba6 20.Rd8 Rxd8 21.
Rxd8+ Kh7 22.Bf1 Bxf1 23.Kxf1 Bf6 24.Rd7 Kg7 25.Na4 g5 26.h3 Rb8 27.Rc7 
Kg6 28.b3 h5 29.Rxc6 Be7 30.Bxe7 Nxe7 31.Rc5 1-0

[Event "30. Augsburger Friedensfest-Open"]
[Site "Augsburg"]
[Date "2025.08.10"]
[Round "7.13"]
[White "Reis, Thomas"]
[Black "Gradl, Winfried"]
[Result "1/2-1/2"]
[WhiteElo "2178"]
[BlackElo "1945"]
[EventDate "2025.08.07"]
[Time "09:30:00"]
[WhiteNrv "2178"]
[BlackNrv "1945"]
[WhiteTwz "2178"]
[BlackTwz "1945"]
[WhiteFideId "4678699"]
[BlackFideId "4648030"]
[WhiteNatFedId "10174084"]
[BlackNatFedId "10064910"]
[WhiteAttr "M"]
[BlackAttr "M"]
[WhiteTeam "SK Kriegshaber"]
[BlackTeam "SAbt TuS Fuerstenfeldbruck"]

1.d4 d5 2.Nf3 Nf6 3.c4 c6 4.e3 Bf5 5.Nc3 e6 6.Nh4 Bg6 7.Qb3 Qc7 8.Nxg6 
hxg6 9.g3 Nbd7 10.Bg2 Be7 11.O-O O-O 12.cxd5 cxd5 13.f3 Nb6 14.e4 Rfd8 15.
Bf4 Qc4 16.Qxc4 Nxc4 17.b3 Nb6 18.e5 Nfd7 19.Rac1 a6 20.Nb1 Rdc8 21.Rxc8+ 
Rxc8 22.Rc1 Rxc1+ 23.Bxc1 Nb8 1/2-1/2

[Event "30. Augsburger Friedensfest-Open"]
[Site "Augsburg"]
[Date "2025.08.10"]
[Round "7.14"]
[White "Birth, Waldemar"]
[Black "Schork, Stefan"]
[Result "1-0"]
[WhiteElo "1950"]
[BlackElo "2124"]
[EventDate "2025.08.07"]
[Time "09:30:00"]
[WhiteNrv "1950"]
[BlackNrv "2124"]
[WhiteTwz "1950"]
[BlackTwz "2124"]
[WhiteFideId "24640310"]
[BlackFideId "4667590"]
[WhiteNatFedId "10016927"]
[BlackNatFedId "10198152"]
[WhiteAttr "M"]
[BlackAttr "M"]
[WhiteTeam "SK Rochade Augsburg"]
[BlackTeam "SC Pforzheim 1906"]

1.d4 Nf6 2.c4 e6 3.Nf3 b6 4.g3 Bb7 5.Bg2 Be7 6.O-O O-O 7.Nc3 Ne4 8.Qc2 
Nxc3 9.bxc3 f5 10.Nd2 Bxg2 11.Kxg2 d5 12.cxd5 exd5 13.Nf3 Nd7 14.a4 c5 15.
c4 Rc8 16.cxd5 cxd4 17.Qa2 Bf6 18.Bb2 Rc2 19.Qb3 Rxe2 20.Bxd4 f4 21.Rad1 
fxg3 22.hxg3 Qe8 23.Bxf6 Rxf6 24.Rfe1 Nc5 25.Qc4 Rxe1 26.Rxe1 Qxa4 27.Qe2 
Qd7 28.Qc4 h6 29.Ne5 Qf5 30.f4 Kh7 31.Kf3 Nd7 32.Nc6 Rd6 33.Ne7 Qf7 34.Re6
Rxe6 35.dxe6 Qxe7 36.Qd3+ Kg8 37.exd7 Qd8 38.Qd6 a5 39.f5 a4 40.Kg4 Kf7 
41.Qe6+ Kf8 42.f6 gxf6 43.Kf5 Qb8 44.Qxf6+ 1-0

[Event "30. Augsburger Friedensfest-Open"]
[Site "Augsburg"]
[Date "2025.08.10"]
[Round "7.16"]
[White "Reschka, Hans"]
[Black "Roebers, Jan"]
[Result "0-1"]
[WhiteElo "1886"]
[BlackElo "2030"]
[EventDate "2025.08.07"]
[Time "09:30:00"]
[WhiteNrv "1886"]
[BlackNrv "2030"]
[WhiteTwz "1886"]
[BlackTwz "2030"]
[BlackTitle "FM"]
[WhiteFideId "34638148"]
[BlackFideId "1007815"]
[WhiteNatFedId "10828393"]
[WhiteAttr "M"]
[BlackAttr "M"]
[WhiteTeam "SK Kriegshaber"]
[BlackTeam "?"]

1.e4 c5 2.Nf3 d6 3.Bb5+ Nd7 4.O-O Nf6 5.Re1 e5 6.c3 a6 7.Bf1 Be7 8.d4 O-O 
9.a4 Re8 10.Bc4 h6 11.Qb3 Rf8 12.Nbd2 b6 13.Nf1 Rb8 14.dxe5 dxe5 15.Ng3 
Bb7 16.Bd2 Ne8 17.Nf5 Nd6 18.Nxd6 Bxd6 19.Rad1 Nf6 20.Qc2 b5 21.axb5 axb5 
22.Bf1 Qc7 23.Nh4 Rfd8 24.Nf5 Bf8 25.f3 Bc6 26.Be3 Kh7 27.Qf2 g6 28.Qh4 
Ng8 29.Nxh6 Bxh6 30.g4 g5 31.Bxg5 f6 32.Be3 Qe7 33.Bh3 Kg7 34.Bxh6+ Nxh6 
35.Kh1 Rxd1 36.Rxd1 Nf7 37.Qf2 Rd8 38.Rxd8 Nxd8 39.Bf1 Ne6 40.h4 Qd6 41.
Kh2 Nf4 42.g5 fxg5 43.hxg5 Qg6 44.Qxc5 Qh5+ 45.Kg3 Qxg5+ 46.Kf2 Qh4+ 47.
Kg1 Qg3+ 48.Kh1 Qxf3+ 49.Kg1 Qg3+ 50.Kh1 Bxe4+ 0-1

[Event "30. Augsburger Friedensfest-Open"]
[Site "Augsburg"]
[Date "2025.08.10"]
[Round "7.17"]
[White "Schubert, Martin"]
[Black "Barsov, Vladislav"]
[Result "0-1"]
[WhiteElo "1899"]
[BlackElo "2005"]
[EventDate "2025.08.07"]
[Time "09:30:00"]
[WhiteNrv "1899"]
[BlackNrv "2005"]
[WhiteTwz "1899"]
[BlackTwz "2005"]
[WhiteFideId "12951480"]
[BlackFideId "34613757"]
[WhiteNatFedId "10199914"]
[BlackNatFedId "10722198"]
[WhiteAttr "M"]
[BlackAttr "M"]
[WhiteTeam "SF Pfullingen"]
[BlackTeam "SK Graefelfing"]

1.c4 g6 2.Nc3 Bg7 3.g3 c5 4.Bg2 Nc6 5.a3 Nf6 6.Rb1 a5 7.Nf3 O-O 8.O-O e6 
9.d4 d5 10.dxc5 dxc4 11.Bf4 Nd5 12.Nb5 Nxf4 13.gxf4 Qf6 14.Qc1 e5 15.fxe5 
Nxe5 16.Nxe5 Qxe5 17.Qxc4 Be6 18.Qc2 Rac8 19.b4 axb4 20.axb4 b6 21.Na7 Rc7
22.Nb5 Re7 23.e3 Rc8 24.Nd4 Bd5 25.Bxd5 Qxd5 26.Ne2 Re5 27.Qb3 Qf3 28.Qd1 
Rd5 29.Qe1 bxc5 30.bxc5 Rdxc5 31.Rb4 Bc3 0-1

[Event "30. Augsburger Friedensfest-Open"]
[Site "Augsburg"]
[Date "2025.08.10"]
[Round "7.18"]
[White "Yaroshenko, Yaroslav"]
[Black "Kaufmann, Kurt"]
[Result "0-1"]
[WhiteElo "1918"]
[BlackElo "1998"]
[EventDate "2025.08.07"]
[Time "09:30:00"]
[WhiteNrv "1918"]
[BlackNrv "1998"]
[WhiteTwz "1918"]
[BlackTwz "1998"]
[WhiteFideId "16204905"]
[BlackFideId "4621301"]
[WhiteNatFedId "10277356"]
[BlackNatFedId "10101093"]
[WhiteAttr "M"]
[BlackAttr "M"]
[WhiteTeam "SK Graefelfing"]
[BlackTeam "SK 1926 Noerdlingen-Ries"]

1.d4 Nf6 2.Nf3 e6 3.e3 c5 4.Bd3 cxd4 5.exd4 b6 6.O-O Be7 7.b3 O-O 8.Bb2 
Ba6 9.c4 Nc6 10.Nbd2 d5 11.Ne5 Na5 12.f4 Rc8 13.g4 Bb7 14.Qc2 dxc4 15.bxc4
Nxc4 16.Ndxc4 b5 17.g5 bxc4 18.gxf6 cxd3 19.fxe7 Rxc2 20.exd8=Q Rg2+ 21.
Kh1 Rxd8 22.Nf3 Rxb2 23.Kg1 Bxf3 24.Rxf3 Rxd4 25.a4 Re2 26.Rd1 d2 27.h3 
Re1+ 28.Rf1 Rxf1+ 29.Kxf1 Rxf4+ 0-1

[Event "30. Augsburger Friedensfest-Open"]
[Site "Augsburg"]
[Date "2025.08.10"]
[Round "7.19"]
[White "Kaufmann, Thorsten"]
[Black "Boehm, Korbinian"]
[Result "1-0"]
[WhiteElo "1998"]
[BlackElo "1928"]
[EventDate "2025.08.07"]
[Time "09:30:00"]
[WhiteNrv "1998"]
[BlackNrv "1928"]
[WhiteTwz "1998"]
[BlackTwz "1928"]
[WhiteFideId "24647950"]
[BlackFideId "16211561"]
[WhiteNatFedId "10101131"]
[BlackNatFedId "10019245"]
[WhiteAttr "M"]
[BlackAttr "M"]
[WhiteTeam "SK Sontheim/Brenz e.V."]
[BlackTeam "Sportfr.Windach e.V.1923"]

1.e4 Nc6 2.Nf3 Nf6 3.e5 Ng4 4.d4 d6 5.h3 Nh6 6.Bb5 a6 7.Ba4 b5 8.Bb3 dxe5 
9.d5 e4 10.Ng5 Na5 11.Nxe4 Nxb3 12.axb3 Bb7 13.c4 e6 14.Bxh6 gxh6 15.Qd4 
f6 16.Nxf6+ Kf7 17.Nh5 exd5 18.Qf4+ Kg6 19.Qg4+ Qg5 20.Qe6+ Kxh5 21.Qf7+ 
Qg6 22.Qf3+ Kh4 23.g3+ Kg5 24.h4# 1-0

[Event "30. Augsburger Friedensfest-Open"]
[Site "Augsburg"]
[Date "2025.08.10"]
[Round "7.21"]
[White "Fuertler, Oliver"]
[Black "Wang, Simon"]
[Result "1/2-1/2"]
[WhiteElo "1959"]
[BlackElo "1865"]
[EventDate "2025.08.07"]
[Time "09:30:00"]
[WhiteNrv "1959"]
[BlackNrv "1865"]
[WhiteTwz "1959"]
[BlackTwz "1865"]
[WhiteFideId "1682490"]
[BlackFideId "34605398"]
[BlackNatFedId "10739430"]
[WhiteAttr "M"]
[BlackAttr "M"]
[WhiteTeam "?"]
[BlackTeam "SF Dachau 1932 e.V."]

1.Nf3 d5 2.g3 Nf6 3.Bg2 c6 4.O-O Bf5 5.d3 Nbd7 6.c4 e6 7.Nc3 Be7 8.cxd5 
exd5 9.Qc2 O-O 10.e4 dxe4 11.dxe4 Bg6 12.Nh4 Re8 13.Nxg6 hxg6 14.Rd1 Bb4 
15.Bd2 Qe7 16.a3 Ba5 17.Bf4 Ne5 18.b4 Bc7 19.Bg5 Qe6 20.Na4 Qc4 21.Qxc4 
Nxc4 22.f3 Nh7 23.Bc1 Rad8 24.Rxd8 Rxd8 25.Bf1 Nd2 26.Bxd2 Rxd2 27.Rc1 Ng5
28.Bg2 Ne6 29.Nc3 Bb6+ 30.Kh1 Nd4 31.Rd1 Rxd1+ 32.Nxd1 Nc2 33.Bf1 Nxa3 34.
Nc3 Nc2 35.b5 cxb5 36.Bxb5 Nd4 37.Bd7 Nxf3 38.Bc8 Nd4 39.Bxb7 Kf8 40.Kg2 
Ne6 41.Na4 Ke7 42.h4 Kd6 43.g4 Bd4 44.Kf3 Ke5 45.Ba6 Nc7 46.Bc4 f5 47.gxf5
gxf5 48.exf5 Kxf5 49.Bd3+ Ke5 50.h5 Ne8 51.Kg4 Nf6+ 52.Kg5 Ng8 53.Kg6 Kd6 
54.Bc4 Nh6 55.Be2 Kc6 56.Bc4 Bf6 57.Be2 1/2-1/2

[Event "30. Augsburger Friedensfest-Open"]
[Site "Augsburg"]
[Date "2025.08.10"]
[Round "7.22"]
[White "Schmid, Bernhard"]
[Black "Schuelke, Tilman"]
[Result "1-0"]
[WhiteElo "2011"]
[BlackElo "1816"]
[EventDate "2025.08.07"]
[Time "09:30:00"]
[WhiteNrv "2011"]
[BlackNrv "1816"]
[WhiteTwz "2011"]
[BlackTwz "1816"]
[WhiteFideId "12915467"]
[BlackFideId "4647475"]
[WhiteNatFedId "10191977"]
[BlackNatFedId "10200219"]
[WhiteAttr "M"]
[BlackAttr "M"]
[WhiteTeam "SK Kelheim 1920"]
[BlackTeam "SF Pfullingen"]

1.d4 d6 2.e4 Nf6 3.f3 e5 4.d5 g6 5.Bg5 Nbd7 6.c4 c6 7.Nc3 Qa5 8.Bd2 Qc7 9.
Bd3 Bg7 10.Nge2 a6 11.Be3 Nc5 12.Bc2 a5 13.Qd2 h6 14.O-O Bd7 15.dxc6 Bxc6 
16.Rfd1 Ke7 17.Rac1 Rad8 18.Rb1 Ne6 19.a3 h5 20.b4 axb4 21.axb4 b6 22.Rdc1
Qb8 23.Nd5+ Bxd5 24.cxd5 Nf8 25.Bd3 N8d7 26.Bb5 Rc8 27.Bc6 Rc7 28.Nc3 Qf8 
29.Nb5 Rc8 30.Bxd7 Nxd7 31.Rc6 Ra8 32.Rxd6 Qb8 33.Rc6 Ra4 34.d6+ Kd8 35.
Qc2 Ra8 36.Nc7 Ra3 37.Nd5 Bh6 38.Bxh6 Rxh6 39.Qc1 1-0

[Event "30. Augsburger Friedensfest-Open"]
[Site "Augsburg"]
[Date "2025.08.10"]
[Round "7.23"]
[White "Hornung, Hans Dr."]
[Black "Wietschorke, Jens"]
[Result "1-0"]
[WhiteElo "1909"]
[BlackElo "1841"]
[EventDate "2025.08.07"]
[Time "09:30:00"]
[WhiteNrv "1909"]
[BlackNrv "1841"]
[WhiteTwz "1909"]
[BlackTwz "1841"]
[WhiteFideId "4615140"]
[BlackFideId "16296176"]
[WhiteNatFedId "10089462"]
[BlackNatFedId "10242290"]
[WhiteAttr "M"]
[BlackAttr "M"]
[WhiteTeam "SK Klosterlechfeld"]
[BlackTeam "SK Caissa Augsburg"]

1.Nf3 d5 2.e3 Nd7 3.c4 e6 4.b3 Ngf6 5.Bb2 dxc4 6.bxc4 b6 7.Be2 Be7 8.O-O 
O-O 9.Nc3 Bb7 10.Qc2 Nc5 11.d3 Bd6 12.Rad1 Re8 13.Nb5 a6 14.Nxd6 cxd6 15.
Rb1 b5 16.Ba1 bxc4 17.Qxc4 Bd5 18.Qc2 e5 19.Nxe5 Rc8 20.Nc4 Nxd3 21.Bxd3 
Bxc4 22.Bxc4 d5 23.Qa4 dxc4 24.Qxa6 Ne4 25.Rbd1 Qc7 26.f3 Re6 27.Qb5 Nd6 
28.Qg5 Rg6 29.Qf4 Qc6 30.Bc3 Nb5 31.Rc1 Qa6 32.Rf2 Qa3 33.Rfc2 Qe7 34.Bb2 
Re6 35.Rxc4 Rd8 36.a4 Nd6 37.Rc7 Qe8 38.e4 Qxa4 39.Be5 f6 40.Qg4 Nf5 41.
Bxf6 Rd1+ 42.Kf2 Qa2+ 43.R1c2 Rd2+ 44.Ke1 Rd1+ 45.Kxd1 Qxc2+ 46.Kxc2 Ne3+ 
47.Kd3 Nxg4 48.Rxg7+ Kf8 49.Rxg4 Rxf6 1-0

[Event "30. Augsburger Friedensfest-Open"]
[Site "Augsburg"]
[Date "2025.08.10"]
[Round "7.24"]
[White "Seisenberger, Georg"]
[Black "Sensoy, Emir"]
[Result "1-0"]
[WhiteElo "2002"]
[BlackElo "1903"]
[EventDate "2025.08.07"]
[Time "09:30:00"]
[WhiteNrv "2002"]
[BlackNrv "1903"]
[WhiteTwz "2002"]
[BlackTwz "1903"]
[WhiteFideId "12903574"]
[BlackFideId "34607390"]
[WhiteNatFedId "10206064"]
[BlackNatFedId "10730374"]
[WhiteAttr "M"]
[BlackAttr "M"]
[WhiteTeam "SV Ilmmuenster"]
[BlackTeam "MSA Zugzwang 82 e.V."]

1.d4 d5 2.c4 e6 3.Nc3 Nf6 4.Bg5 Be7 5.cxd5 exd5 6.e3 c6 7.Bd3 h6 8.Bh4 O-O
9.Nge2 b5 10.f3 Na6 11.O-O Re8 12.Qd2 Ne4 13.Bxe4 Bxh4 14.Bc2 Nc7 15.Nf4 
Ne6 16.Nd3 Bg5 17.f4 Be7 18.Ne5 Bd6 19.Rad1 Nf8 20.h3 Nd7 21.Kh1 Nxe5 22.
fxe5 Bc7 23.Qd3 Qg5 24.Rf3 Be6 25.Rdf1 Kf8 26.Ne2 Ke7 27.Nf4 Rf8 28.Qa3+ 
Kd7 29.Nxe6 Kxe6 30.Bf5+ 1-0

[Event "30. Augsburger Friedensfest-Open"]
[Site "Augsburg"]
[Date "2025.08.10"]
[Round "7.25"]
[White "Wezel, Sebastian"]
[Black "Jekel, Wolfgang"]
[Result "1-0"]
[WhiteElo "1965"]
[BlackElo "1853"]
[EventDate "2025.08.07"]
[Time "09:30:00"]
[WhiteNrv "1965"]
[BlackNrv "1853"]
[WhiteTwz "1965"]
[BlackTwz "1853"]
[WhiteFideId "24677884"]
[BlackFideId "4690370"]
[WhiteNatFedId "10240928"]
[BlackNatFedId "10095176"]
[WhiteAttr "M"]
[BlackAttr "M"]
[WhiteTeam "SV Dettingen Erms"]
[BlackTeam "SF Voehringen"]

1.e4 d5 2.exd5 Qxd5 3.Nc3 Qd6 4.d4 Nf6 5.Nf3 c6 6.Ne5 Nbd7 7.Nc4 Qc7 8.a4 
Nb6 9.Ne5 Be6 10.a5 Nbd7 11.Bf4 Qd8 12.a6 Qb6 13.Na4 Qa5+ 14.b4 Qd5 15.Nc3
Qd6 16.axb7 Rd8 17.Rb1 Nd5 18.Nxd5 Qxd5 19.f3 Nb8 20.c3 Qa2 21.Ra1 Qb2 22.
Qc1 Qxc1+ 23.Bxc1 f6 24.Nd3 Bc4 25.Nc5 Bxf1 26.Rxf1 e5 27.Ne6 Rd7 28.Nxf8 
Rxf8 29.dxe5 Rxb7 30.exf6 Rxf6 31.Be3 Re6 32.Kf2 a6 33.Rfe1 Kf7 34.Bc5 
Rxe1 35.Kxe1 Ke6 36.Rd1 g6 37.Rd6+ Ke5 38.Ke2 Rb5 39.Rd8 Rb7 40.Bd6+ 1-0

[Event "30. Augsburger Friedensfest-Open"]
[Site "Augsburg"]
[Date "2025.08.10"]
[Round "7.26"]
[White "Hotman, Cagan Arhan"]
[Black "Nagy, Peter"]
[Result "1-0"]
[WhiteElo "1961"]
[BlackElo "1878"]
[EventDate "2025.08.07"]
[Time "09:30:00"]
[WhiteNrv "1961"]
[BlackNrv "1878"]
[WhiteTwz "1961"]
[BlackTwz "1878"]
[WhiteFideId "44565798"]
[BlackFideId "34629211"]
[WhiteNatFedId "10804822"]
[BlackNatFedId "10793259"]
[WhiteAttr "M"]
[BlackAttr "M"]
[WhiteTeam "SK Ingolstadt"]
[BlackTeam "Rosenheimer-SV in der"]

1.e4 e6 2.d4 d5 3.Nd2 Nf6 4.e5 Nfd7 5.Bd3 c5 6.c3 Nc6 7.Ne2 cxd4 8.cxd4 f6
9.exf6 Nxf6 10.Nf3 Bd6 11.Bf4 Bb4+ 12.Bd2 Bd6 13.O-O O-O 14.Bg5 Qc7 15.Bh4
e5 16.dxe5 Nxe5 17.Nxe5 Bxe5 18.Bg3 Bg4 19.Qb3 Kh8 20.Nd4 Bxg3 21.hxg3 a6 
22.Rac1 Qe5 23.Qb4 a5 24.Qa4 Bd7 25.Bb5 Bxb5 26.Nxb5 Qh5 27.Qh4 Qe2 28.Nd4
Qxb2 29.Rb1 Qxa2 30.Rxb7 Ne8 31.Ne6 Rg8 32.Ng5 h6 33.Qxh6+ 1-0

[Event "30. Augsburger Friedensfest-Open"]
[Site "Augsburg"]
[Date "2025.08.10"]
[Round "7.27"]
[White "Oezkurt, Kaan"]
[Black "Fresser, Stefan"]
[Result "1-0"]
[WhiteElo "1751"]
[BlackElo "1944"]
[EventDate "2025.08.07"]
[Time "09:30:00"]
[WhiteNrv "1751"]
[BlackNrv "1944"]
[WhiteTwz "1751"]
[BlackTwz "1944"]
[WhiteFideId "34655182"]
[BlackFideId "12987123"]
[WhiteNatFedId "10722110"]
[BlackNatFedId "10053941"]
[WhiteAttr "M"]
[BlackAttr "M"]
[WhiteTeam "SK Freising"]
[BlackTeam "SF Neuberg"]

1.e4 c6 2.d4 d5 3.exd5 cxd5 4.Bd3 Nc6 5.c3 Nf6 6.Bf4 Qa5 7.Ne2 Bg4 8.O-O 
e6 9.Qb3 Nd8 10.f3 Bh5 11.Bb5+ Nd7 12.c4 a6 13.Bxd7+ Kxd7 14.Rc1 Bd6 15.
Bxd6 Kxd6 16.cxd5 Qxd5 17.Qb6+ Ke7 18.Rc5 Qd7 19.Rc7 1-0

[Event "30. Augsburger Friedensfest-Open"]
[Site "Augsburg"]
[Date "2025.08.10"]
[Round "7.28"]
[White "Galje, Hans"]
[Black "Rempel, Alexander"]
[Result "0-1"]
[WhiteElo "1934"]
[BlackElo "1874"]
[EventDate "2025.08.07"]
[Time "09:30:00"]
[WhiteNrv "1934"]
[BlackNrv "1874"]
[WhiteTwz "1934"]
[BlackTwz "1874"]
[WhiteFideId "1003240"]
[BlackFideId "34618600"]
[BlackNatFedId "10586418"]
[WhiteAttr "M"]
[BlackAttr "M"]
[WhiteTeam "?"]
[BlackTeam "SF Augsburg"]

1.e4 e5 2.Nf3 Nc6 3.Bb5 a6 4.Ba4 Nf6 5.d3 d6 6.c3 g6 7.O-O Bg7 8.h3 O-O 9.
Re1 b5 10.Bc2 Nb8 11.d4 Nbd7 12.Be3 Bb7 13.Nbd2 h6 14.d5 c6 15.dxc6 Bxc6 
16.Qb1 d5 17.exd5 Nxd5 18.Nf1 Nxe3 19.Rxe3 f5 20.Qd1 Qc7 21.Re1 Rae8 22.
Ne3 Nc5 23.Qe2 Ne6 24.Bb3 Kh7 25.Bxe6 Rxe6 26.Rad1 g5 27.Nh2 Qb7 28.Qc2 e4
29.Qb3 Re5 30.Rd6 f4 31.Nef1 e3 32.f3 Kh8 33.Qc2 Qb6 34.Re2 Qc5 35.Qg6 Be8
36.Qd3 Bf7 37.b3 Rd5 38.Rxd5 Bxd5 39.Kh1 a5 40.Rc2 Bg8 41.Qd7 Bh7 42.Rc1 
Qa3 43.Re1 Qxa2 44.Qxb5 Qc2 45.Ng4 Bd3 46.Qd5 Qxc3 47.Qd6 Qxe1 48.Qxd3 e2 
0-1

[Event "30. Augsburger Friedensfest-Open"]
[Site "Augsburg"]
[Date "2025.08.10"]
[Round "7.29"]
[White "Zimmermann, Felix"]
[Black "Chua, Daniel James"]
[Result "0-1"]
[WhiteElo "1924"]
[BlackElo "1862"]
[EventDate "2025.08.07"]
[Time "09:30:00"]
[WhiteNrv "1924"]
[BlackNrv "1862"]
[WhiteTwz "1924"]
[BlackTwz "1862"]
[WhiteFideId "12989720"]
[BlackFideId "34608354"]
[WhiteNatFedId "10262226"]
[BlackNatFedId "10758008"]
[WhiteAttr "M"]
[BlackAttr "M"]
[WhiteTeam "SV Gruen-W. Niederwiesa"]
[BlackTeam "SC Garching 1980 e.V."]

1.d4 Nf6 2.Nf3 e6 3.c4 d5 4.Nc3 a6 5.cxd5 exd5 6.Bg5 Be6 7.e3 Nbd7 8.Be2 
Bd6 9.O-O c6 10.Qc2 Qc7 11.Bxf6 Nxf6 12.Na4 O-O 13.Nc5 Rfe8 14.b4 Ne4 15.
a4 a5 16.Nxe6 Rxe6 17.b5 Rh6 18.g3 Qd7 19.Rfc1 Rc8 20.bxc6 Rxc6 21.Qb2 Bb4
22.Bb5 Rxc1+ 23.Rxc1 Qh3 24.Bf1 Qf5 25.Bg2 g5 26.h3 g4 27.hxg4 Qxg4 28.Rc7
Rf6 29.Rxb7 Rxf3 30.Bxf3 Qxf3 31.Rxb4 axb4 32.a5 Qd1+ 33.Kg2 Nd2 34.Qxb4 
Qf1+ 35.Kh2 Nf3# 0-1

[Event "30. Augsburger Friedensfest-Open"]
[Site "Augsburg"]
[Date "2025.08.10"]
[Round "7.30"]
[White "Gruber, Johannes"]
[Black "Schaad, Simon Ulrich Maria"]
[Result "1-0"]
[WhiteElo "1916"]
[BlackElo "1787"]
[EventDate "2025.08.07"]
[Time "09:30:00"]
[WhiteNrv "1916"]
[BlackNrv "1787"]
[WhiteTwz "1916"]
[BlackTwz "1787"]
[WhiteFideId "12915521"]
[BlackFideId "24697036"]
[BlackNatFedId "10253400"]
[WhiteAttr "M"]
[BlackAttr "M"]
[WhiteTeam "?"]
[BlackTeam "SK Keres-Augsburg 1980"]

1.c4 a6 2.Nc3 Nf6 3.g3 h5 4.Nf3 d6 5.d4 b5 6.cxb5 axb5 7.Nxb5 Bf5 8.Bg2 c6
9.Nc3 Na6 10.a3 Nb4 11.O-O Qc8 12.Bg5 Na6 13.Bxf6 exf6 14.e4 Bd7 15.Re1 
Be7 16.Nh4 Kf8 17.Nf5 Bxf5 18.exf5 d5 19.Qc2 Bd6 20.Na4 Qb7 21.Rac1 Nb8 
22.Bxd5 g5 23.Bxc6 Nxc6 24.Qxc6 Qxc6 25.Rxc6 Bxa3 26.Nb6 Bb4 27.Nxa8 Bxe1 
28.Rc8+ Kg7 29.Rxh8 Kxh8 30.Kf1 Bb4 31.Nc7 Kg7 32.Ne8+ 1-0